Normal view
MARC view
- Desai V R
Entry Personal Name
001 - CONTROL NUMBER
- control field: 215007
003 - CONTROL NUMBER IDENTIFIER
- control field: OSt
005 - DATE AND TIME OF LATEST TRANSACTION
- control field: 20251118131838.0
008 - FIXED-LENGTH DATA ELEMENTS
- fixed length control field: 251118|| aca||aabn | a|a d
040 ## - CATALOGING SOURCE
- Original cataloging agency: OSt
- Transcribing agency: OSt
100 ## - HEADING--PERSONAL NAME
- Personal name: Desai V R
670 ## - SOURCE DATA FOUND
- Source citation: Work cat.: (OSt)88220: Desai V R, Manasik Trasatun Muktata, 2007